00402nam a22001457a 450000500170000000800410001702000130005804100130007108200130008410000130009724500430011026000470015330000300020065000260023020240305090503.0240305b |||||||| |||| 00| 0 eng d a10233806 aEnglish  a349 BUT  lEnglish  aButterworths Law Reports : Labour Law  aDurban : bLexisNexis Butterworth, c2017  bxx, 104 pages ; c25 cm.  aLegal practice bLaw